| 000 | 00533nam a2200181 a 4500 | ||
|---|---|---|---|
| 001 | 33584 | ||
| 005 | 20180714001533.0 | ||
| 008 | 140415s1971 mx 000 0 spa d | ||
| 041 | _aspa | ||
| 082 |
_a306.6 _bADA |
||
| 100 | 1 | _aADAMS, RICHARD NEWBOLD | |
| 245 | 1 | 3 | _aEL PODER Y EL DESARROLLO SECUNDARIO EN LA AMERICA LATINA |
| 250 | _a1a ed. | ||
| 260 |
_aMEXICO : _bROBLE, _c1971 |
||
| 300 | _a280 | ||
| 650 | 1 | 4 |
_aAMERICA LATINA _xDESARROLLO ECONOMICO _xCULTURA _xAMERICA LATINA |
| 700 | 1 |
_aESPARZA, ALFONSO _etr. |
|
| 999 |
_c33584 _d33584 |
||